| 000 | 00636nam a2200229 a 4500 | ||
|---|---|---|---|
| 001 | BRCA_3640 | ||
| 005 | 20190320204350.0 | ||
| 008 | 260809s1962----mx-#######---#000-0#spa-# | ||
| 041 | _aspa | ||
| 044 | _asp | ||
| 050 | 4 |
_aND259 _b.M66 1 _c1962 |
|
| 100 | 1 |
_aMontenegro y Nervo, Roberto _d1886-1968 _99440 |
|
| 245 | 1 | 0 |
_aPlanos en el tiempo _cRoberto Montenegro y Nervo. |
| 260 |
_aMéxico _bArana _c1962 |
||
| 300 |
_a88 p. _c22 cm. |
||
| 500 | _aCuenta con dedicatoria del autor al Sr. Franz Mayer | ||
| 500 | _aEjemplar igual a B309 | ||
| 500 | _aB308 | ||
| 650 | 1 | 4 |
_aPintores mexicanos _94220 |
| 902 | _aGFM | ||
| 942 |
_2lcc _cB |
||
| 999 |
_c3375 _d3375 |
||